Top 30 : SDM - Statistiques

Statistiques générales
  • Ce quiz a été pris 318 fois
  • Le résultat moyen est 15 sur 30
Statistiques - réponses
Top Titres Featuring % Correct
3 Dolce Camara Booba
93%
1 Bolide allemand
86%
2 CARTIER SANTOS
76%
7 Jack Fuego PLK
68%
24 METALLICA Werenoi
68%
21 Catalina Cheu-B, Ghost Killer Track
64%
4 Mr. Ocho
64%
9 Run Rim'K
64%
5 POUR ELLE
61%
14 barcelona92 Green Montana
60%
12 Dans un verre Werenoi
59%
17 TOKA Hamza
58%
6 Passat Maes
53%
13 Daddy Booba
52%
23 PLAISIR NOCIF Tiakola, Liim's
51%
11 Redescends Tiakola
51%
18 Roro Tiakola
51%
15 Rihanna
48%
8 J'fais plaisir à la zone Jul
46%
10 Yakalelo
44%
28 Franklin Saint Zed, Slkrack
43%
30 Titulaires Koba LaD
43%
22 TI TI TI Gradur, Rsko
42%
25 NEYMAR JR Green Montana
39%
27 PANAMA UZI
34%
19 Nous deux
30%
26 EVIDEMMENT Green Montana
28%
16 Freestyle 8
26%
20 Jacque*** Bag
24%
29 Prince de la Calle
24%
Aucun quiz correspondant
Distribution des résultats
% des personnes avec chaque résultat
Percentile par nombre de réponses
Votre historique - résultats
Vous n’avez pas pris ce quiz